000 00826nam a22002177a 4500
999 _c16350
_d16350
003 AR-CdUCM
008 190503b ||||| |||| 00| 0 spa d
040 _aMUNICIPALIDAD PROVINCIAL DEL CUSCO
_cBIBLIOTECA MUNICIPAL DEL CUSCO
082 _a362 /
_bB94
100 _aBurns, Eveline M.
_935744
245 _aSeguridad social y acción y publica /
260 _aMéxico :
_bMexicanos unidos,
_c1965.
300 _a539 páginas ;
_c20 cm.
505 _aContenido : Prologo -- Resoluciones respecto a la naturaleza y monto de los beneficios y las condiciones que regulan su percepción -- Los beneficios en relación a las necesidades ...
650 _aSeguridad
_935745
650 _aSocial
_92020
650 _aPublica
_929733
700 _aMartínez Baca, Jaime
_935746
942 _2ddc
_cLIBROS
945 _arah
_d03/05/2019